000 00612nam a2200253Ia 4500
005 20260121153923.0
008 008 260114s9999 xx 000 0 eng d
020 _a9781003022268
037 _aEBOOK
040 _aCRL
040 _beng
040 _cCRL
041 _2eng
041 _aeng
084 _qCRL
100 _a Gaspard Pelurson
_91000785
245 0 _aManifestations of Queerness in Video Games
260 _bTaylor and Francis
260 _c2023
856 _uhttp://www.taylorfrancis.com/books/9781003022268
942 _cEBOOK
999 _c1567606
_d1567606